[Event "Gora Sw Anny op 4th"]
[Site "Gora Sw Anny"]
[Date "2011.02.15"]
[Round "5"]
[White "Ratajczyk, Rafal"]
[Black "Walkusz, Witoslaw"]
[Result "0-1"]
[WhiteElo "1932"]
[BlackElo "2131"]
[PlyCount "44"]
[EventDate "2011.02.12"]
[EventType "swiss"]
[EventRounds "9"]
[EventCountry "POL"]
[SourceTitle "CBM 140 Extra"]
[Source "ChessBase"]
[SourceDate "2011.03.01"]
[SourceVersion "1"]
[SourceVersionDate "2011.03.01"]
[SourceQuality "1"]

1. e4 e5 2. Nf3 Nc6 3. Bb5 a6 4. Ba4 Nf6 5. 0-0 b5 6. Bb3 Be7 7. Re1 d6 8. h3 Na5 9. d4 Nxb3 10. axb3 Bb7 11. d5 0-0 12. b4 c6 13. dxc6 Bxc6 14. Nc3 h6 15. Bd2 Qc7 16. Nh2 Qb7 17. Qe2 Kh7 18. Ng4 Nxe4 19. Nxe4 f5 20. Nxh6 Bxe4 21. Qh5 g6 22. Qe2 Bxg2 0-1

[Event "POL-ch U16"]
[Site "Chotowa"]
[Date "2009.04.03"]
[Round "9"]
[White "Polok, Kacper"]
[Black "Ratajczyk, Rafal"]
[Result "1-0"]
[WhiteElo "2058"]
[BlackElo "1908"]
[PlyCount "59"]
[EventDate "2009.03.28"]
[EventType "swiss"]
[EventRounds "11"]
[EventCountry "POL"]
[SourceTitle "EXT 2011"]
[Source "ChessBase"]
[SourceDate "2010.11.26"]
[SourceVersion "1"]
[SourceVersionDate "2010.11.26"]
[SourceQuality "1"]

1. e4 c6 2. d4 d5 3. Nc3 dxe4 4. Nxe4 Nd7 5. Nf3 Ngf6 6. Nxf6+ Nxf6 7. Bc4 e6 8. 0-0 Bd6 9. Bg5 0-0 10. Qe2 b6 11. Ne5 Bd7 12. Rad1 Be7 13. Rd3 Nd5 14. Bxe7 Qxe7 15. f4 f6 16. Ng4 Qd6 17. g3 c5 18. c3 b5 19. Bxd5 Qxd5 20. dxc5 Qxc5+ 21. Qe3 Qc7 22. Rfd1 Rad8 23. Qd2 Rf7 24. Rd6 Re7 25. Nf2 Kf8 26. Ne4 a5 27. Qd4 e5 28. fxe5 Rxe5 29. b4 axb4 30. cxb4 1-0

[Event "POL-ch U16"]
[Site "Chotowa"]
[Date "2009.03.30"]
[Round "4"]
[White "Polarczyk, Pawel"]
[Black "Ratajczyk, Rafal"]
[Result "1/2-1/2"]
[WhiteElo "1778"]
[BlackElo "1908"]
[PlyCount "50"]
[EventDate "2009.03.28"]
[EventType "swiss"]
[EventRounds "11"]
[EventCountry "POL"]
[SourceTitle "EXT 2011"]
[Source "ChessBase"]
[SourceDate "2010.11.26"]
[SourceVersion "1"]
[SourceVersionDate "2010.11.26"]
[SourceQuality "1"]

1. e4 c5 2. Nf3 e6 3. d4 cxd4 4. Nxd4 Nf6 5. Nc3 Nc6 6. Ndb5 Bb4 7. a3 Bxc3+ 8. Nxc3 d5 9. exd5 exd5 10. Bd3 0-0 11. 0-0 d4 12. Ne4 Bf5 13. Bg5 Bxe4 14. Bxe4 Qd6 15. Bxf6 Qxf6 16. Qd3 g6 17. f4 Rad8 18. Rad1 Rfe8 19. g3 Qe7 20. Rfe1 Qc5 21. b4 Qb6 22. Kf1 Kg7 23. Kg2 Kh8 24. Kf1 Kg7 25. Kg2 Kh8 1/2-1/2

[Event "Polanica Zdroj op-C 44th"]
[Site "Polanica Zdroj"]
[Date "2008.08.27"]
[Round "9"]
[White "Ratajczyk, Rafal"]
[Black "Byrka, Joanna"]
[Result "1-0"]
[WhiteElo "1880"]
[BlackElo "1606"]
[PlyCount "51"]
[EventDate "2008.08.19"]
[EventType "swiss"]
[EventRounds "9"]
[EventCountry "POL"]
[SourceTitle "CBM 126 Extra"]
[Source "ChessBase"]
[SourceDate "2008.11.05"]
[SourceVersion "1"]
[SourceVersionDate "2008.11.05"]
[SourceQuality "1"]

1. e4 c5 2. Nf3 Nc6 3. d4 cxd4 4. Nxd4 Nf6 5. Nc3 d6 6. Bg5 Qb6 7. Bxf6 gxf6 8. Nb3 e6 9. Qh5 a6 10. Be2 Bd7 11. Rf1 Rg8 12. g3 Rg7 13. Qh4 a5 14. a4 Nb4 15. 0-0-0 Rc8 16. Nd4 Rg6 17. Qh5 Bh6+ 18. f4 Rxc3 19. bxc3 e5 20. Nb5 Qe3+ 21. Kb2 Bxb5 22. Bxb5+ Nc6 23. Rxd6 exf4 24. Qd5 Qb6 25. Rd7 Ne7 26. Rd8# 1-0

[Event "Polanica Zdroj op-B 44th"]
[Site "Polanica Zdroj"]
[Date "2008.08.26"]
[Round "8"]
[White "Ratajczyk, Rafal"]
[Black "Zielinski, Stanislaw"]
[Result "1/2-1/2"]
[WhiteElo "1880"]
[BlackElo "2145"]
[PlyCount "87"]
[EventDate "2008.08.19"]
[EventType "swiss"]
[EventRounds "10"]
[EventCountry "POL"]
[SourceTitle "CBM 126 Extra"]
[Source "ChessBase"]
[SourceDate "2008.11.05"]
[SourceVersion "1"]
[SourceVersionDate "2008.11.05"]
[SourceQuality "1"]

1. d4 Nf6 2. c4 g6 3. Nc3 Bg7 4. e4 d6 5. Nf3 0-0 6. Be2 e5 7. 0-0 Nc6 8. d5 Ne7 9. Ne1 Ne8 10. Be3 f5 11. f3 f4 12. Bf2 g5 13. b4 h5 14. c5 Ng6 15. c6 b6 16. a4 a6 17. a5 b5 18. Nd3 Nf6 19. Be1 Qe8 20. Qb3 Nh8 21. Bd2 Kh7 22. Kf2 Bh6 23. Rh1 g4 24. Rag1 Rg8 25. Bf1 h4 26. Ke1 Qh5 27. Qd1 Nf7 28. Be2 Ng5 29. Nf2 gxf3 30. gxf3 Nh3 31. Rxg8 Kxg8 32. Bf1 Ng5 33. Be2 Kf7 34. h3 Qg6 35. Ng4 Nh5 36. Rh2 Ng3 37. Bd3 Bg7 38. Kf2 Bxg4 39. hxg4 Bf6 40. Qg1 Rh8 41. Qd1 Qg8 42. Be1 h3 43. Bc2 Ke7 44. Qd3 1/2-1/2

[Event "Polanica Zdroj op-B 44th"]
[Site "Polanica Zdroj"]
[Date "2008.08.25"]
[Round "7"]
[White "Hadzicki, Tomasz"]
[Black "Ratajczyk, Rafal"]
[Result "0-1"]
[WhiteElo "1861"]
[BlackElo "1880"]
[PlyCount "62"]
[EventDate "2008.08.19"]
[EventType "swiss"]
[EventRounds "10"]
[EventCountry "POL"]
[SourceTitle "CBM 126 Extra"]
[Source "ChessBase"]
[SourceDate "2008.11.05"]
[SourceVersion "1"]
[SourceVersionDate "2008.11.05"]
[SourceQuality "1"]

1. e4 e5 2. Nf3 Nc6 3. Bc4 Nf6 4. d3 Be7 5. Nbd2 0-0 6. 0-0 d6 7. c3 Na5 8. b4 Nxc4 9. Nxc4 Be6 10. Ne3 a5 11. b5 Ng4 12. h3 Nxe3 13. fxe3 Re8 14. c4 f6 15. Qc2 Bf8 16. Bb2 g5 17. d4 h5 18. Ba3 Bh6 19. Rae1 Qd7 20. Kh2 Qg7 21. Bb2 Kh7 22. c5 Rg8 23. Rg1 g4 24. Nh4 g3+ 25. Kh1 Bxe3 26. Rgf1 Bf2 27. Qe2 Bg4 28. hxg4 hxg4 29. Rxf2 Qh6 30. Qd2 Qxh4+ 31. Kg1 gxf2+ 0-1

[Event "Polanica Zdroj op-C 44th"]
[Site "Polanica Zdroj"]
[Date "2008.08.24"]
[Round "6"]
[White "Mazalon, Mateusz"]
[Black "Ratajczyk, Rafal"]
[Result "1-0"]
[WhiteElo "1666"]
[BlackElo "1880"]
[PlyCount "78"]
[EventDate "2008.08.19"]
[EventType "swiss"]
[EventRounds "9"]
[EventCountry "POL"]
[SourceTitle "CBM 126 Extra"]
[Source "ChessBase"]
[SourceDate "2008.11.05"]
[SourceVersion "1"]
[SourceVersionDate "2008.11.05"]
[SourceQuality "1"]

1. e4 c5 2. Nf3 d6 3. c3 Nf6 4. Bd3 Nc6 5. Bc2 Qc7 6. h3 a6 7. 0-0 g6 8. Re1 Bg7 9. d4 cxd4 10. cxd4 0-0 11. Nc3 e6 12. d5 exd5 13. exd5 Ne7 14. Bf4 b5 15. Ne4 Nxe4 16. Bxe4 Bxb2 17. Rb1 Bg7 18. Rc1 Qd7 19. Nd4 Ra7 20. Nc6 Rb7 21. Nxe7+ Qxe7 22. Bf5 Qf6 23. Bxc8 Rb8 24. Qg4 h5 25. Qg3 Rbxc8 26. Bxd6 Rxc1 27. Rxc1 Rd8 28. Ba3 Rxd5 29. Qe3 Kh7 30. Rc2 Rd1+ 31. Kh2 Qf5 32. Re2 Qb1 33. Bc5 h4 34. g3 Rg1 35. Qe4 hxg3+ 36. fxg3 Qxe4 37. Rxe4 Rc1 38. Bb4 Rc2+ 39. Kh1 Bf6 1-0

[Event "Polanica Zdroj op-B 44th"]
[Site "Polanica Zdroj"]
[Date "2008.08.24"]
[Round "6"]
[White "Ratajczyk, Rafal"]
[Black "Jurkiewicz, Krzysztof"]
[Result "0-1"]
[WhiteElo "1880"]
[BlackElo "2188"]
[PlyCount "60"]
[EventDate "2008.08.19"]
[EventType "swiss"]
[EventRounds "10"]
[EventCountry "POL"]
[SourceTitle "CBM 126 Extra"]
[Source "ChessBase"]
[SourceDate "2008.11.05"]
[SourceVersion "1"]
[SourceVersionDate "2008.11.05"]
[SourceQuality "1"]

1. e4 c5 2. Nf3 d6 3. d4 cxd4 4. Nxd4 Nf6 5. Nc3 g6 6. Be3 Bg7 7. f3 0-0 8. Bc4 Nc6 9. Qd2 Nd7 10. 0-0-0 Nb6 11. Bb3 Na5 12. g4 Bd7 13. h4 Nbc4 14. Bxc4 Nxc4 15. Qe2 Rc8 16. Bf2 Nxb2 17. Kxb2 Qb6+ 18. Nb3 Bxc3+ 19. Kb1 Qb4 20. Bd4 a5 21. Bxc3 Rxc3 22. Ka1 a4 23. Nc1 Rfc8 24. Rd2 Bb5 25. Qf2 a3 26. Nb3 Rxb3 27. cxb3 Qc3+ 28. Kb1 Bd3+ 29. Rxd3 Qxd3+ 30. Ka1 Rc2 0-1

[Event "Polanica Zdroj op-B 44th"]
[Site "Polanica Zdroj"]
[Date "2008.08.19"]
[Round "1"]
[White "Murawski, Wieslaw"]
[Black "Ratajczyk, Rafal"]
[Result "1-0"]
[WhiteElo "2097"]
[BlackElo "1880"]
[PlyCount "43"]
[EventDate "2008.08.19"]
[EventType "swiss"]
[EventRounds "10"]
[EventCountry "POL"]
[SourceTitle "CBM 126 Extra"]
[Source "ChessBase"]
[SourceDate "2008.11.05"]
[SourceVersion "1"]
[SourceVersionDate "2008.11.05"]
[SourceQuality "1"]

1. e4 c5 2. Nf3 d6 3. d4 cxd4 4. Nxd4 Nf6 5. Nc3 g6 6. Be3 Bg7 7. f3 0-0 8. Qd2 Nc6 9. g4 a5 10. h4 h5 11. g5 Nd7 12. 0-0-0 Re8 13. f4 Nf8 14. f5 Nxd4 15. Bxd4 Bxd4 16. Qxd4 gxf5 17. Be2 Ne6 18. Qf2 Ng7 19. Rhg1 Kh7 20. g6+ Kg8 21. gxf7+ Kxf7 22. exf5 1-0

[Event "Kochan Memorial op 19th"]
[Site "Koszalin"]
[Date "2008.08.11"]
[Round "8"]
[White "Iwanow, Anna"]
[Black "Ratajczyk, Rafal"]
[Result "1-0"]
[WhiteElo "1979"]
[BlackElo "1880"]
[PlyCount "73"]
[EventDate "2008.08.04"]
[EventType "swiss"]
[EventRounds "9"]
[EventCountry "POL"]
[SourceTitle "CBM 125 Extra"]
[Source "ChessBase"]
[SourceDate "2008.09.01"]
[SourceVersion "1"]
[SourceVersionDate "2008.09.01"]
[SourceQuality "1"]

1. e4 e5 2. Nf3 Nc6 3. Bb5 a6 4. Ba4 Nf6 5. 0-0 Be7 6. Re1 b5 7. Bb3 0-0 8. h3 d6 9. c3 Nb8 10. d4 Nbd7 11. Nbd2 Bb7 12. Bc2 Re8 13. Nf1 Bf8 14. Ng3 g6 15. Nh2 Bg7 16. f4 exf4 17. Bxf4 Nf8 18. Ng4 Nxg4 19. Qxg4 Ne6 20. Bd2 c5 21. d5 Nf8 22. Bf4 Qc7 23. Rf1 Nd7 24. Rf2 Ne5 25. Qe2 Rf8 26. Nf1 Nc4 27. Bb3 Ne5 28. Ne3 Rae8 29. Bc2 Nd7 30. Raf1 Nf6 31. Qf3 Nd7 32. Ng4 Ne5 33. Qg3 Bc8 34. Nh6+ Bxh6 35. Bxh6 Re7 36. Qh4 Nd7 37. Qxe7 1-0

[Event "Lubawka op 3rd"]
[Site "Lubawka"]
[Date "2008.07.08"]
[Round "5"]
[White "Kmiecik, Wojciech"]
[Black "Ratajczyk, Rafal"]
[Result "1-0"]
[WhiteElo "1998"]
[BlackElo "1880"]
[PlyCount "51"]
[EventDate "2008.07.05"]
[EventType "swiss"]
[EventRounds "9"]
[EventCountry "POL"]
[SourceTitle "CBM 125 Extra"]
[Source "ChessBase"]
[SourceDate "2008.09.01"]
[SourceVersion "1"]
[SourceVersionDate "2008.09.01"]
[SourceQuality "1"]

1. e4 e5 2. Nf3 Nc6 3. Bb5 a6 4. Ba4 Nf6 5. 0-0 Be7 6. c3 Nxe4 7. Qe2 Nf6 8. Nxe5 Nxe5 9. Qxe5 0-0 10. d4 b5 11. Bc2 Re8 12. Qg3 Bb7 13. Nd2 g6 14. f4 Nd5 15. Nf3 c5 16. f5 Qc7 17. fxg6 hxg6 18. Ne5 Bf6 19. Bxg6 Rxe5 20. dxe5 Qxe5 21. Bxf7+ Kh8 22. Qg6 Bg7 23. Bh6 Ne7 24. Bxg7+ Qxg7 25. Qh5+ Qh7 26. Qxc5 1-0

[Event "Lubawka op 3rd"]
[Site "Lubawka"]
[Date "2008.07.06"]
[Round "2"]
[White "Ratajczyk, Rafal"]
[Black "Wallgren, Ulf"]
[Result "1-0"]
[WhiteElo "1880"]
[BlackElo "2083"]
[PlyCount "66"]
[EventDate "2008.07.05"]
[EventType "swiss"]
[EventRounds "9"]
[EventCountry "POL"]
[SourceTitle "CBM 125 Extra"]
[Source "ChessBase"]
[SourceDate "2008.09.01"]
[SourceVersion "1"]
[SourceVersionDate "2008.09.01"]
[SourceQuality "1"]

1. e4 c5 2. Nf3 Nc6 3. d4 cxd4 4. Nxd4 Nf6 5. Nc3 e5 6. Ndb5 h6 7. Nd6+ Bxd6 8. Qxd6 Qe7 9. Qxe7+ Kxe7 10. b3 d6 11. Bb2 Be6 12. 0-0-0 a6 13. a4 Rac8 14. Kb1 Nd4 15. Bd3 Rc7 16. Rd2 Rhc8 17. Ne2 Nxe2 18. Rxe2 Nd7 19. f4 f6 20. f5 Bf7 21. g4 d5 22. h4 Nc5 23. Ba3 Kd7 24. Rd1 Kc6 25. exd5+ Bxd5 26. c4 Bf3 27. Rdd2 Bxe2 28. Bxe2 Rd7 29. Bf3+ e4 30. Rxd7 Kxd7 31. Bd1 Nd3 32. Be2 Nf4 33. Bd1 e3 1-0

[Event "Wroclaw Polonia CC-B 3rd"]
[Site "Wroclaw"]
[Date "2008.06.23"]
[Round "3"]
[White "Lukasiewicz, Aleksander"]
[Black "Ratajczyk, Rafal"]
[Result "1-0"]
[WhiteElo "1809"]
[BlackElo "1804"]
[PlyCount "55"]
[EventDate "2008.06.21"]
[EventType "swiss"]
[EventRounds "9"]
[EventCountry "POL"]
[SourceTitle "EXT 2023"]
[Source "ChessBase"]
[SourceDate "2022.10.05"]
[SourceVersion "1"]
[SourceVersionDate "2022.10.05"]
[SourceQuality "1"]

1. e4 e5 2. Nf3 Nc6 3. d4 exd4 4. c3 dxc3 5. Nxc3 d6 6. Bc4 Be7 7. Qb3 Na5 8. Bxf7+ Kf8 9. Qa4 Kxf7 10. Qxa5 Be6 11. 0-0 c6 12. Qa4 b5 13. Qc2 Bf6 14. e5 dxe5 15. Ne4 Bd5 16. Nfg5+ Ke8 17. f4 Nh6 18. fxe5 Bxe5 19. Bf4 Bxf4 20. Rxf4 Qb6+ 21. Kh1 Kd8 22. Nc3 Bc4 23. b3 Bg8 24. Rf8+ Kc7 25. Rxa8 Ng4 26. Nge4 Bxb3 27. axb3 Rxa8 28. Nd5+ 1-0

[Event "Wroclaw Polonia CC-B 3rd"]
[Site "Wroclaw"]
[Date "2008.06.23"]
[Round "4"]
[White "Ratajczyk, Rafal"]
[Black "Grota, Mateusz"]
[Result "1-0"]
[WhiteElo "1804"]
[BlackElo "1767"]
[PlyCount "109"]
[EventDate "2008.06.21"]
[EventType "swiss"]
[EventRounds "9"]
[EventCountry "POL"]
[SourceTitle "EXT 2023"]
[Source "ChessBase"]
[SourceDate "2022.10.05"]
[SourceVersion "1"]
[SourceVersionDate "2022.10.05"]
[SourceQuality "1"]

1. e4 c6 2. d4 d5 3. Nc3 dxe4 4. Nxe4 Bf5 5. Ng3 Bg6 6. h4 h6 7. h5 Bh7 8. Nf3 e6 9. Bd3 Bxd3 10. Qxd3 Bd6 11. Ne4 Nf6 12. Nxd6+ Qxd6 13. Bd2 Nbd7 14. 0-0-0 b5 15. Rh4 Qd5 16. Kb1 a5 17. Re1 Ke7 18. Ne5 Rhb8 19. f4 c5 20. f5 Rb6 21. Nxd7 Qxd7 22. dxc5 Qxd3 23. cxd3 Rc6 24. d4 Kf8 25. fxe6 Rxe6 26. Kc2 a4 27. Kd3 Rd8 28. Rxe6 fxe6 29. Bf4 Ke7 30. Be5 Rd5 31. Kc3 Kd7 32. g3 Kc6 33. b3 axb3 34. axb3 Kd7 35. Rf4 Ke7 36. g4 Rxe5 37. Rxf6 Re3+ 38. Kd2 Re4 39. Rg6 Kf7 40. Kd3 Re1 41. Kd2 Rb1 42. Kc2 Rg1 43. Kc3 Rd1 44. g5 hxg5 45. Rxg5 Rh1 46. Kb4 Rh4 47. Kxb5 Rxd4 48. c6 Rd3 49. b4 Ke7 50. Rxg7+ Kd8 51. Rd7+ Rxd7 52. cxd7 Kxd7 53. h6 e5 54. h7 Ke6 55. h8Q 1-0

[Event "Gora Sw Anny op 1st"]
[Site "Gora Sw Anny"]
[Date "2008.02.24"]
[Round "9"]
[White "Ratajczyk, Rafal"]
[Black "Kulpinski, Piotr"]
[Result "0-1"]
[WhiteElo "1811"]
[BlackElo "2032"]
[PlyCount "106"]
[EventDate "2008.02.18"]
[EventType "swiss"]
[EventRounds "9"]
[EventCountry "POL"]
[SourceTitle "CBM 122 Extra"]
[Source "ChessBase"]
[SourceDate "2008.03.04"]
[SourceVersion "1"]
[SourceVersionDate "2008.03.04"]
[SourceQuality "1"]

1. e4 d5 2. exd5 Qxd5 3. Nc3 Qa5 4. d4 e5 5. dxe5 Nc6 6. Bb5 Bd7 7. Bd2 0-0-0 8. e6 Bxe6 9. Bxc6 bxc6 10. Nge2 Qh5 11. Nf4 Qe5+ 12. Qe2 Qxe2+ 13. Nfxe2 Bc5 14. f3 Nf6 15. 0-0-0 Rhe8 16. Ng3 a6 17. Nge4 Nxe4 18. Nxe4 Be7 19. Kb1 h6 20. Rhe1 Bh4 21. g3 Be7 22. Be3 Bd5 23. Nd2 Bf6 24. f4 Re7 25. c4 Be4+ 26. Kc1 Bf5 27. Bf2 Red7 28. Be3 Bg4 29. Kc2 Bxd1+ 30. Rxd1 Bd4 31. Nf1 c5 32. a3 Kb7 33. b4 cxb4 34. axb4 Bxe3 35. Rxd7 Rxd7 36. Nxe3 Re7 37. Kd3 Rxe3+ 38. Kxe3 c5 39. bxc5 Kc6 40. Kd4 a5 41. Kc3 Kxc5 42. Kb3 h5 43. Ka4 h4 44. Kxa5 hxg3 45. hxg3 Kxc4 46. Kb6 Kd5 47. Kc7 Ke6 48. g4 f5 49. g5 Kd5 50. Kd7 Ke4 51. g6 Kxf4 52. Ke7 Kg5 53. Kf7 Kh6 0-1

[Event "Gora Sw Anny op 1st"]
[Site "Gora Sw Anny"]
[Date "2008.02.22"]
[Round "6"]
[White "Ratajczyk, Rafal"]
[Black "Galicki, Ryszard"]
[Result "1-0"]
[WhiteElo "1811"]
[BlackElo "2047"]
[PlyCount "41"]
[EventDate "2008.02.18"]
[EventType "swiss"]
[EventRounds "9"]
[EventCountry "POL"]
[SourceTitle "CBM 122 Extra"]
[Source "ChessBase"]
[SourceDate "2008.03.04"]
[SourceVersion "1"]
[SourceVersionDate "2008.03.04"]
[SourceQuality "1"]

1. e4 c5 2. Nf3 Nc6 3. d4 cxd4 4. Nxd4 Nf6 5. Nc3 e5 6. Ndb5 d6 7. Nd5 Nxd5 8. exd5 Nb8 9. c4 Be7 10. Be2 f5 11. 0-0 0-0 12. f4 a6 13. Nc3 exf4 14. Bxf4 Qb6+ 15. Kh1 Qxb2 16. Na4 Qf6 17. Nb6 Ra7 18. Be3 Nd7 19. Nxd7 Bxd7 20. Bxa7 Qh6 21. Rb1 1-0

[Event "Wroclaw Fabryczna Cup 3rd"]
[Site "Wroclaw"]
[Date "2007.12.16"]
[Round "4.4"]
[White "Barburzynska, Magdalena"]
[Black "Ratajczyk, Rafal"]
[Result "0-1"]
[WhiteElo "1813"]
[BlackElo "1806"]
[PlyCount "124"]
[EventDate "2007.12.14"]
[EventType "swiss"]
[EventRounds "5"]
[EventCountry "POL"]
[SourceTitle "EXT 2023"]
[Source "ChessBase"]
[SourceDate "2022.10.05"]
[SourceVersion "1"]
[SourceVersionDate "2022.10.05"]
[SourceQuality "1"]

1. e4 c5 2. Nf3 d6 3. d4 cxd4 4. Nxd4 Nf6 5. Nc3 a6 6. Bg5 e6 7. f4 Qb6 8. Qd2 Qxb2 9. Nb3 Qa3 10. Bxf6 gxf6 11. Be2 Bg7 12. f5 0-0 13. 0-0 Nc6 14. h4 h6 15. Nd1 Qb4 16. Qe3 exf5 17. Rf4 fxe4 18. c3 Qa3 19. Qxe4 Be6 20. Bc4 Rae8 21. Nf2 f5 22. Qc2 Be5 23. Bxe6 Bxf4 24. Bxf5 Be3 25. Rf1 Qa4 26. g3 Ne5 27. Qe2 Qc6 28. Bg4 Qxc3 29. Kh2 Bxf2 30. Rxf2 Qe1 31. Qxe1 Nxg4+ 32. Kh3 Rxe1 33. Kxg4 Rfe8 34. Rd2 R8e6 35. Nd4 Rg6+ 36. Kh3 Rh1+ 37. Kg2 Rxh4 38. Nf5 Re4 39. Nxd6 Rxd6 40. Rxd6 Re2+ 41. Kh3 Rxa2 42. Rb6 a5 43. Rxb7 a4 44. Ra7 a3 45. g4 Ra1 46. Kg2 a2 47. Kh2 Kg7 48. Ra4 Kg6 49. Kg2 h5 50. gxh5+ Kh6 51. Ra6+ Kxh5 52. Ra5+ Kg4 53. Ra4+ Kg5 54. Ra5+ f5 55. Ra8 f4 56. Ra5+ Kh4 57. Ra4 Kg4 58. Kh2 Kf3 59. Ra3+ Ke2 60. Ra4 f3 61. Ra8 Kf1 62. Ra7 Re1 0-1

[Event "Polanica Zdroj op-B 43rd"]
[Site "Polanica Zdroj"]
[Date "2007.08.26"]
[Round "10.25"]
[White "Jarus, Grzegorz"]
[Black "Ratajczyk, Rafal"]
[Result "0-1"]
[WhiteElo "1844"]
[BlackElo "1654"]
[PlyCount "81"]
[EventDate "2007.08.17"]
[EventType "swiss"]
[EventRounds "10"]
[EventCountry "POL"]
[SourceTitle "EXT 2023"]
[Source "ChessBase"]
[SourceDate "2022.10.05"]
[SourceVersion "1"]
[SourceVersionDate "2022.10.05"]
[SourceQuality "1"]

1. Nf3 Nf6 2. d4 d5 3. c4 e6 4. Bg5 Nbd7 5. Nc3 c6 6. e3 Qa5 7. Qa4 Qxa4 8. Nxa4 dxc4 9. Nc3 b5 10. a4 b4 11. Nd1 c3 12. bxc3 bxc3 13. Bd3 h6 14. Bxf6 Nxf6 15. 0-0 Nd5 16. Rc1 Ba3 17. Rc2 Rb8 18. Nxc3 Nb4 19. Rb1 Rb7 20. Rd2 Nxd3 21. Rxd3 Rxb1+ 22. Nxb1 Bd6 23. Rc3 Kd7 24. Nbd2 f6 25. Ne4 Be7 26. Nh4 Ba6 27. h3 Rb8 28. Nc5+ Bxc5 29. Rxc5 g5 30. Ra5 Rb6 31. Nf3 Kc7 32. Nd2 Kb7 33. Ne4 Rb1+ 34. Kh2 Kb6 35. Rc5 f5 36. Nd6 Kc7 37. Nf7 Rb2 38. Kg3 f4+ 39. exf4 gxf4+ 40. Kf3 h5 41. Ne5 0-1

[Event "Polanica Zdroj op-C 43rd"]
[Site "Polanica Zdroj"]
[Date "2007.08.25"]
[Round "9.2"]
[White "Srutwa, Maciej"]
[Black "Ratajczyk, Rafal"]
[Result "1-0"]
[WhiteElo "1849"]
[BlackElo "1654"]
[PlyCount "119"]
[EventDate "2007.08.17"]
[EventType "swiss"]
[EventRounds "9"]
[EventCountry "POL"]
[SourceTitle "CBM 120 Extra"]
[Source "ChessBase"]
[SourceDate "2007.11.01"]
[SourceVersion "1"]
[SourceVersionDate "2007.11.01"]
[SourceQuality "1"]

1. e4 c5 2. Nf3 Nc6 3. Bb5 d6 4. Bxc6+ bxc6 5. 0-0 Nf6 6. Re1 e5 7. h3 Be7 8. c3 Bb7 9. d4 cxd4 10. cxd4 exd4 11. Nxd4 0-0 12. Nc3 g6 13. Kh1 Kh8 14. f4 Rg8 15. Kh2 Qc7 16. g4 Nd7 17. Be3 a6 18. Rc1 c5 19. Nf3 Nb6 20. b3 Rad8 21. Qe2 h6 22. Rc2 f5 23. exf5 gxf5 24. Nd4 Bh4 25. Ne6 Qd7 26. Nxd8 Bxe1 27. Nxb7 Bxc3 28. Nxc5 dxc5 29. Rxc3 fxg4 30. hxg4 Rxg4 31. Bf2 Qg7 32. Qe8+ Kh7 33. Qe4+ Qg6 34. Qe7+ Kg8 35. Qd8+ Kf7 36. Qc7+ Kg8 37. Qb8+ Kf7 38. Qb7+ Kf8 39. Bxc5+ Kg8 40. Qb8+ Kh7 41. Qc7+ Kg8 42. Qb8+ Kh7 43. Qb7+ Kg8 44. Bf2 Qh5+ 45. Rh3 Qd5 46. Qxd5+ Nxd5 47. Rxh6 Nxf4 48. Be3 Rg2+ 49. Kh1 Rxa2 50. Bxf4 a5 51. Rb6 a4 52. b4 Ra1+ 53. Kg2 a3 54. Be5 Rb1 55. b5 a2 56. Rb8+ Kf7 57. b6 a1Q 58. Bxa1 Rxa1 59. b7 Rb1 60. Rh8 1-0

[Event "Polanica Zdroj op-B 43rd"]
[Site "Polanica Zdroj"]
[Date "2007.08.24"]
[Round "7"]
[White "Ratajczyk, Rafal"]
[Black "Rychlik, Bogdan"]
[Result "1-0"]
[WhiteElo "1654"]
[BlackElo "1938"]
[PlyCount "73"]
[EventDate "2007.08.17"]
[EventType "swiss"]
[EventRounds "10"]
[EventCountry "POL"]
[SourceTitle "CBM 120 Extra"]
[Source "ChessBase"]
[SourceDate "2007.11.01"]
[SourceVersion "1"]
[SourceVersionDate "2007.11.01"]
[SourceQuality "1"]

1. Nf3 c5 2. g3 d5 3. Bg2 Nc6 4. 0-0 Nf6 5. d3 e6 6. Nbd2 Be7 7. e4 0-0 8. Re1 b5 9. c3 a5 10. e5 Nd7 11. a4 b4 12. c4 Nb6 13. Qe2 Re8 14. b3 Bd7 15. Bb2 Rc8 16. Rac1 Bf8 17. d4 dxc4 18. Nxc4 Nxc4 19. Rxc4 Nxd4 20. Nxd4 cxd4 21. Rxd4 Bc5 22. Rd3 Qe7 23. Red1 Bc6 24. Bxc6 Rxc6 25. Rd7 Qg5 26. Qf3 Rcc8 27. Qxf7+ Kh8 28. Rc7 Be7 29. Rxc8 Rxc8 30. h4 Qg4 31. Rd4 Qe2 32. Qxe7 h6 33. Rd8+ Rxd8 34. Qxd8+ Kh7 35. Bd4 Qd1+ 36. Kh2 Qxb3 37. Qxa5 1-0

[Event "Polanica Zdroj op-C 43rd"]
[Site "Polanica Zdroj"]
[Date "2007.08.23"]
[Round "7.2"]
[White "Santura, Janusz"]
[Black "Ratajczyk, Rafal"]
[Result "0-1"]
[WhiteElo "1794"]
[BlackElo "1654"]
[PlyCount "66"]
[EventDate "2007.08.17"]
[EventType "swiss"]
[EventRounds "9"]
[EventCountry "POL"]
[SourceTitle "CBM 120 Extra"]
[Source "ChessBase"]
[SourceDate "2007.11.01"]
[SourceVersion "1"]
[SourceVersionDate "2007.11.01"]
[SourceQuality "1"]

1. d4 d5 2. Nf3 Nf6 3. c4 e6 4. Bg5 Nbd7 5. Nc3 c6 6. cxd5 exd5 7. e3 Qa5 8. a3 Ne4 9. Qa4 Qxa4 10. Nxa4 Nxg5 11. Nxg5 Be7 12. Nf3 b5 13. Nc3 f6 14. Bd3 Nb6 15. Nd2 a5 16. 0-0 Ba6 17. Rfc1 b4 18. Bxa6 bxc3 19. Rxc3 Rxa6 20. Rxc6 Kd7 21. Rac1 Rc8 22. Rxc8 Nxc8 23. Nb3 a4 24. Nc5+ Bxc5 25. Rxc5 Rc6 26. Rxd5+ Ke6 27. Rc5 Rxc5 28. dxc5 Kd5 29. c6 Kxc6 30. Kf1 Kc5 31. Ke2 Kc4 32. Kd2 Kb3 33. Kc1 Nd6 0-1

[Event "Polanica Zdroj op-C 43rd"]
[Site "Polanica Zdroj"]
[Date "2007.08.21"]
[Round "5.7"]
[White "Ratajczyk, Rafal"]
[Black "Karpinski, Bartlomiej"]
[Result "1-0"]
[WhiteElo "1654"]
[BlackElo "1808"]
[PlyCount "39"]
[EventDate "2007.08.17"]
[EventType "swiss"]
[EventRounds "9"]
[EventCountry "POL"]
[SourceTitle "CBM 120 Extra"]
[Source "ChessBase"]
[SourceDate "2007.11.01"]
[SourceVersion "1"]
[SourceVersionDate "2007.11.01"]
[SourceQuality "1"]

1. Nf3 d5 2. g3 Bg4 3. Bg2 Nf6 4. 0-0 e6 5. d3 Bd6 6. Nbd2 c6 7. e4 Qc7 8. Re1 Nbd7 9. h3 Bh5 10. Qe2 dxe4 11. dxe4 Bc5 12. e5 Nd5 13. c4 Nb4 14. Ne4 Bxf3 15. Bxf3 Qxe5 16. Bf4 Qf5 17. Bd6 Na6 18. Bxc5 Qxh3 19. Bg4 Qh6 20. Nd6+ 1-0